Welcome to CU Library Online Public Access Catalogue (OPAC)

Quantitative Techniques (Record no. 2704)

MARC details
000 -LEADER
fixed length control field 00469nam a22001577a 4500
005 - DATE AND TIME OF LATEST TRANSACTION
control field 20250120100551.0
008 - FIXED-LENGTH DATA ELEMENTS--GENERAL INFORMATION
fixed length control field 250120b |||||||| |||| 00| 0 eng d
020 ## - INTERNATIONAL STANDARD BOOK NUMBER
International Standard Book Number 9780706987454
050 ## - LIBRARY OF CONGRESS CALL NUMBER
Classification number HF5625 KOT
100 ## - MAIN ENTRY--PERSONAL NAME
Personal name Kothari C. R.
245 ## - TITLE STATEMENT
Title Quantitative Techniques
Statement of responsibility, etc. C. R. Kothari
250 ## - EDITION STATEMENT
Edition statement 3rd Revised Ed.
260 ## - PUBLICATION, DISTRIBUTION, ETC.
Place of publication, distribution, etc. New Delhi
Name of publisher, distributor, etc. Vikas Publishing House PVT LTD
Date of publication, distribution, etc. 1984
300 ## - PHYSICAL DESCRIPTION
Extent xv. 596p.
Other physical details ill.
Dimensions 21.5 cm x 14.5 cm
942 ## - ADDED ENTRY ELEMENTS (KOHA)
Source of classification or shelving scheme Library of Congress Classification
Koha item type Books
Edition 3rd Revised Ed.
Suppress in OPAC No
999 ## -
-- 2704
-- 2704
Holdings
Withdrawn status Lost status Source of classification or shelving scheme Damaged status Not for loan Collection Home library Current library Shelving location Date acquired Total checkouts Full call number Barcode Date last seen Copy number Price effective from Koha item type
    Library of Congress Classification     Non-fiction Business Library (Miotso) Business Library (Miotso) General stacks 01/20/2025   HF5625 KOT BSSM00000484 01/20/2025 1 01/20/2025 Books
    Library of Congress Classification       Graduate Library (Christ Temple) Graduate Library (Christ Temple) General stacks 02/16/2026   HF 5625 KOT gsct00002578 02/16/2026   02/16/2026 Books
    Library of Congress Classification       Graduate Library (Christ Temple) Graduate Library (Christ Temple) General stacks 02/16/2026   HF 5625 KOT gsct00002579 02/16/2026   02/16/2026 Books
© 2023-2024 Copyright: Central University Libraries. All Rights Reserved | Created by: Mahone Tech Office